| 000 | 00585nam a2200169Ia 4500 | ||
|---|---|---|---|
| 005 | 20250508153901.0 | ||
| 008 | 008 250505s9999 xx 000 0 eng d | ||
| 037 | _aBooks to be hide in OPAC | ||
| 040 |
_aFEDL _beng _cFEDL |
||
| 041 |
_aeng _2eng |
||
| 084 |
_a371.426942, GRE _qFEDL |
||
| 245 | 0 | _aFifty-fifth report for the year 1911, of the inspector reformatory and industrial schools of Great Britain : Part II | |
| 260 |
_aLondon, UK _bHis Mahesty's Stationery Office _c1912 |
||
| 300 | _a132p. | ||
| 942 |
_cHB _h371.426942, GRE |
||
| 999 |
_c1346133 _d1346133 |
||